Vplyv podujatia na konkurencieschopnosť cestovného ruchu v regióne diplomová práca

Salvato in:
Dettagli Bibliografici
Autore principale: Poliovková, Juliána
Ente Autore: Obchodná fakulta EU. Katedra služieb a cestovného ruchu - zrušené
Altri autori: Michálková, Anna, 1968-
Natura: Libro
Lingua:slovacco
Pubblicazione: Bratislava 2014
Tags: Aggiungi Tag
Nessun Tag, puoi essere il primo ad aggiungerne!!

MARC

LEADER 00000nbm a2200000 4500
001 0186205
005 20170201095352.5
041 0 |a slo 
044 |a SK 
245 1 0 |a Vplyv podujatia na konkurencieschopnosť cestovného ruchu v regióne  |b diplomová práca  |c Juliána Poliovková ; školiteľ: Anna Michálková 
264 1 |a Bratislava  |c 2014 
300 |a 112 s. 
100 1 |a Poliovková, Juliána 
700 1 |a Michálková, Anna, 1968- 
710 2 |a Obchodná fakulta EU. Katedra služieb a cestovného ruchu - zrušené